000
00313nam a22001217a 4500
999
_c
160913
_d
160913
082
_a
_b
245
_a
Asiatic researches history and antiquities the arts sciences ethnology and literature of Asia (v.1)
260
_a
New Delhi:
_b
Cosmo,
_c
1979.
300
_a
379p.
600
_a
650
_a
942
_c
BK